<?xml version="1.0" encoding="UTF-8"?>
<record
    xmlns:xsi="http://www.w3.org/2001/XMLSchema-instance"
    xsi:schemaLocation="http://www.loc.gov/MARC21/slim http://www.loc.gov/standards/marcxml/schema/MARC21slim.xsd"
    xmlns="http://www.loc.gov/MARC21/slim">

  <leader>02024nam a2200289 i 4500</leader>
  <controlfield tag="003">DO-SdBNP</controlfield>
  <controlfield tag="005">20231101104249.0</controlfield>
  <controlfield tag="006">a||||dr|||| 00| 0</controlfield>
  <controlfield tag="007">ta</controlfield>
  <controlfield tag="008">231031e1997    dr aobc| |||| 00| 0 spa d</controlfield>
  <datafield tag="040" ind1=" " ind2=" ">
    <subfield code="a">DO-SdBNP</subfield>
    <subfield code="b">spa</subfield>
    <subfield code="c">BNPHU</subfield>
    <subfield code="e">rda</subfield>
  </datafield>
  <datafield tag="082" ind1=" " ind2="4">
    <subfield code="2">22</subfield>
    <subfield code="b">C117s</subfield>
  </datafield>
  <datafield tag="100" ind1="1" ind2=" ">
    <subfield code="a">Cabrera Argentina,</subfield>
    <subfield code="9">84303</subfield>
    <subfield code="e">autora</subfield>
  </datafield>
  <datafield tag="245" ind1="1" ind2="0">
    <subfield code="a">Sociales 2000, 3 :</subfield>
    <subfield code="b">tercer grado de la educaci&#xF3;n b&#xE1;sica. /</subfield>
    <subfield code="c">Argentina Cabrera, Jos&#xE9; Mercedes Zarzuela Bid&#xF3;: ilustraci&#xF3;n, Julio C&#xE9;sar Mart&#xED;nez </subfield>
  </datafield>
  <datafield tag="264" ind1=" " ind2="1">
    <subfield code="a">Santo Domingo :</subfield>
    <subfield code="b">Susaeta,</subfield>
    <subfield code="c">1997</subfield>
  </datafield>
  <datafield tag="300" ind1=" " ind2=" ">
    <subfield code="a">128 p&#xE1;ginas :</subfield>
    <subfield code="b">Ilustraciones, fotograf&#xED;as, mapas, retrato ;</subfield>
    <subfield code="c">27 cm.</subfield>
  </datafield>
  <datafield tag="336" ind1=" " ind2=" ">
    <subfield code="2">rdacontent</subfield>
    <subfield code="a">texto</subfield>
    <subfield code="b">txt</subfield>
  </datafield>
  <datafield tag="337" ind1=" " ind2=" ">
    <subfield code="2">rdamedia</subfield>
    <subfield code="a">sin mediaci&#xF3;n</subfield>
    <subfield code="b">n</subfield>
  </datafield>
  <datafield tag="338" ind1=" " ind2=" ">
    <subfield code="2">rdacarrier</subfield>
    <subfield code="a">volumen</subfield>
    <subfield code="b">nc</subfield>
  </datafield>
  <datafield tag="490" ind1=" " ind2=" ">
    <subfield code="a">Educaci&#xF3;n sin frontera</subfield>
  </datafield>
  <datafield tag="504" ind1=" " ind2=" ">
    <subfield code="a">Bibliograf&#xED;a, p&#xE1;gina 126</subfield>
  </datafield>
  <datafield tag="505" ind1=" " ind2=" ">
    <subfield code="a">Unidad 1. El Medio Geogr&#xE1;fico.</subfield>
    <subfield code="t">Tema 1: La Orientaci&#xF3;n.-- Tema 2: El Municipio.-- Tema 3: El Municipio forma parte de una Provincia.-- Tema 4: Historia del Municipio.-- Tema 5: Gobierno del Municipio.-- Tema 6: La Poblaci&#xF3;n.</subfield>
    <subfield code="g">Unidad 2. </subfield>
    <subfield code="t">Tema 1: Mi Familia.-- Tema 2: Mi Escuela.-- Tema 3: Organizaci&#xF3;n de mi Comunidad.-- Tema 4: La Salud en mi Comunidad.-- Tema 5: Mi Seguridad Personal.-- Tema 6: Normas y Medidas de Protecci&#xF3;n en Casos de Desastre.-- Tema 7: Cuidado y Protecci&#xF3;n de los Lugares Hist&#xF3;ricos.-- Tema 8: Documentos de Identidad Personal.</subfield>
    <subfield code="g">Unidad 3.</subfield>
    <subfield code="t">Tema 1: Origen y formaci&#xF3;n de nuestro pa&#xED;s.-- Tema 2: Caracter&#xED;sticas Culturales del Pueblo Dominicano.-- Tema 3: Los primeros Pobladores.-- Tema 4: Llegada de los Espa&#xF1;oles de Am&#xE9;rica.-- Tema 5: La Colonizaci&#xF3;n Espa&#xF1;ola en Nuestra Isla.-- </subfield>
    <subfield code="g">Unidad 4: La Independencia Nacional.</subfield>
    <subfield code="t">Tema 1: La Ocupaci&#xF3;n.-- Tema 2: Fundaci&#xF3;n de la Trinitaria.-- Tema 3: Nacimiento de la Rep&#xFA;blica.-- Tema 4: La naci&#xF3;n, el Estado y la patria.-- </subfield>
  </datafield>
  <datafield tag="590" ind1=" " ind2=" ">
    <subfield code="a">Inventariado 2023 / MF</subfield>
  </datafield>
  <datafield tag="700" ind1="1" ind2=" ">
    <subfield code="4">Zarzuela Bid&#xF3;, Jos&#xE9; M.,</subfield>
    <subfield code="e">autor</subfield>
  </datafield>
  <datafield tag="700" ind1="1" ind2=" ">
    <subfield code="a">Mart&#xED;nez, Julio C&#xE9;sar</subfield>
    <subfield code="9">1263</subfield>
    <subfield code="e">ilustrador</subfield>
  </datafield>
  <datafield tag="942" ind1=" " ind2=" ">
    <subfield code="2">ddc</subfield>
    <subfield code="c">LBS1</subfield>
  </datafield>
  <datafield tag="952" ind1=" " ind2=" ">
    <subfield code="0">0</subfield>
    <subfield code="1">0</subfield>
    <subfield code="2">ddc</subfield>
    <subfield code="5">1</subfield>
    <subfield code="7">0</subfield>
    <subfield code="8">PD</subfield>
    <subfield code="a">BNPHU</subfield>
    <subfield code="b">BNPHU</subfield>
    <subfield code="c">CT</subfield>
    <subfield code="d">2021-12-16</subfield>
    <subfield code="e">Donado por el Colegio Nuestra Sra. de Lourdes</subfield>
    <subfield code="l">0</subfield>
    <subfield code="o">C117s</subfield>
    <subfield code="p">2023-7509</subfield>
    <subfield code="r">2023-10-31</subfield>
    <subfield code="w">2023-10-31</subfield>
    <subfield code="y">LBS1</subfield>
  </datafield>
  <datafield tag="999" ind1=" " ind2=" ">
    <subfield code="c">55355</subfield>
    <subfield code="d">55355</subfield>
  </datafield>
</record>
